00000000nam##2200000za#4500
0019.569322
003CaOODSP
00520210624181719
007cr |||||||||||
008150406|2002||||xxc|||||o    f|0| 0 eng|d
040 |aCaOODSP|beng
043 |an-cn---
0861 |aNH18-1-2/3-2002E-PDF
1102 |aCanada Mortgage and Housing Corporation.
24510|aHouse dust : |h[electronic resource]|ban efficient and affordable tool to assess microbial contamination in homes
260 |aOttawa - Ontario : |bCanada Mortgage and Housing Corporation |cFebruary 2002.
300 |a31p.|breferences, tables
4901 |aResearch report
590 |a12-25-Supp|b2012-06-04
77508|tLa poussière domestique : |w(CaOODSP)9.600539
830#0|aResearch report (Canada Mortgage and Housing Corporation : Online)|w(CaOODSP)9.506068
85640|ahttp://publications.gc.ca|qPDF|s346 KB|uhttps://publications.gc.ca/collections/collection_2011/schl-cmhc/nh18-1-2/NH18-1-2-3-2002-eng.pdf